<?xml version="1.0" encoding="UTF-8"?><?xml-stylesheet type="text/xsl" href="static/style.xsl"?><OAI-PMH xmlns="http://www.openarchives.org/OAI/2.0/" xmlns:xsi="http://www.w3.org/2001/XMLSchema-instance" xsi:schemaLocation="http://www.openarchives.org/OAI/2.0/ http://www.openarchives.org/OAI/2.0/OAI-PMH.xsd"><responseDate>2026-04-17T15:46:02Z</responseDate><request verb="GetRecord" identifier="oai:www.recercat.cat:10256/12562" metadataPrefix="marc">https://recercat.cat/oai/request</request><GetRecord><record><header><identifier>oai:recercat.cat:10256/12562</identifier><datestamp>2024-06-18T12:30:29Z</datestamp><setSpec>com_2072_452955</setSpec><setSpec>com_2072_2054</setSpec><setSpec>col_2072_453072</setSpec></header><metadata><record xmlns="http://www.loc.gov/MARC21/slim" xmlns:dcterms="http://purl.org/dc/terms/" xmlns:xsi="http://www.w3.org/2001/XMLSchema-instance" xmlns:doc="http://www.lyncode.com/xoai" xsi:schemaLocation="http://www.loc.gov/MARC21/slim http://www.loc.gov/standards/marcxml/schema/MARC21slim.xsd">
   <leader>00925njm 22002777a 4500</leader>
   <datafield ind2=" " ind1=" " tag="042">
      <subfield code="a">dc</subfield>
   </datafield>
   <datafield ind2=" " ind1=" " tag="720">
      <subfield code="a">Casas Aznar, Ferran</subfield>
      <subfield code="e">author</subfield>
   </datafield>
   <datafield ind2=" " ind1=" " tag="720">
      <subfield code="a">Castellá Sarriera, Jorge</subfield>
      <subfield code="e">author</subfield>
   </datafield>
   <datafield ind2=" " ind1=" " tag="720">
      <subfield code="a">Alfaro Inzunza, Jaime</subfield>
      <subfield code="e">author</subfield>
   </datafield>
   <datafield ind2=" " ind1=" " tag="720">
      <subfield code="a">González Carrasco, Mònica</subfield>
      <subfield code="e">author</subfield>
   </datafield>
   <datafield ind2=" " ind1=" " tag="720">
      <subfield code="a">Bedin, Lívia</subfield>
      <subfield code="e">author</subfield>
   </datafield>
   <datafield ind2=" " ind1=" " tag="720">
      <subfield code="a">Abs da Cruz, Daniel</subfield>
      <subfield code="e">author</subfield>
   </datafield>
   <datafield ind2=" " ind1=" " tag="720">
      <subfield code="a">Figuer, Cristina</subfield>
      <subfield code="e">author</subfield>
   </datafield>
   <datafield ind2=" " ind1=" " tag="720">
      <subfield code="a">Valdenegro, Boris</subfield>
      <subfield code="e">author</subfield>
   </datafield>
   <datafield ind2=" " ind1=" " tag="260">
      <subfield code="c">info:eu-repo/date/embargoEnd/2026-01-01</subfield>
   </datafield>
   <datafield ind2=" " ind1=" " tag="260">
      <subfield code="c">info:eu-repo/date/embargoEnd/2026-01-01</subfield>
   </datafield>
   <datafield ind2=" " ind1=" " tag="260">
      <subfield code="c">2014-04-06</subfield>
   </datafield>
   <datafield ind2=" " ind1=" " tag="520">
      <subfield code="a">Several theoretical models and testing procedures are presented with the aim of identifying the most relevant items and domains to include in a model for evaluating adolescents' subjective well-being, above and beyond those usually included in adults' scales. Data were collected in three countries based on a list of 30 items regarding adolescents' satisfaction with different domains or facets of life. Responses to these 30 items (including Personal Well-Being Index and Brief Multidimensional Students' Life Satisfaction Scale items) have been analysed by means of Confirmatory Factor Analysis using different Structural Equation Models (SEM) on a pooled sample comprising 5,316 twelve to sixteen-year-olds from Spain, Brazil and Chile. Several models have shown good enough fit statistics. A model using 14 items shows excellent fit statistics and is conceptually coherent. However, the inclusion or non-inclusion of items related to satisfaction with religion or spirituality results in both advantages and disadvantages when comparing the alternative models analysed. The relevance of including these items may therefore depend on the socio-cultural context where data are collected and their inclusion makes cross-country comparison more statistically challenging. The 14-item model has also been tested using multigroup SEM in order to check comparability of data among the three countries. All things considered, multigroup models have shown good fit with constrained loadings, but not with constrained loadings and intercepts, suggesting we can compare correlations and regressions among countries, but not means. Additional multigroup SEM with the five age groups available from the pooled sample have demonstrated that responses-and means-are comparable across different age groups during early adolescence</subfield>
   </datafield>
   <datafield ind2=" " ind1=" " tag="520">
      <subfield code="a">Spanish data were collected with the support of the Spanish Ministry of Education and&#xd;
Science grant SEJ2007-62813/PS</subfield>
   </datafield>
   <datafield ind1="8" ind2=" " tag="024">
      <subfield code="a">http://hdl.handle.net/10256/12562</subfield>
   </datafield>
   <datafield tag="653" ind2=" " ind1=" ">
      <subfield code="a">Adolescents</subfield>
   </datafield>
   <datafield tag="653" ind2=" " ind1=" ">
      <subfield code="a">Teenagers</subfield>
   </datafield>
   <datafield ind2="0" ind1="0" tag="245">
      <subfield code="a">Reconsidering Life Domains that Contribute to Subjective Well-Being Among Adolescents with Data from Three Countries</subfield>
   </datafield>
</record></metadata></record></GetRecord></OAI-PMH>